00725 2200229 4500001002100000005001700021020002200038035002400060040001200084082001700096084001900113090001900132245013100151250001100282260002700293300003400320500006800354650002200422700001900444850001200463990002000475YOGYA00000000009877620141022075043.0 a978-979-29-4080-0 0010-021400000000288 aYOPDYOG 2[22]a006.68 aDEP 006.68 Tri aDEP 006.68 Tri a3D VIRTUAL Reality dengan 3 ds max 2013 dan adobe pothosohop. PAS = Panduan aplikatif dan solusic/ editor, Th. Arie Prabawati aCet. 1 aYogyakartabAndic2013 aviii, 229 hlm.bilus.c23 cm. aDiterbitkan atas kerjasama penerbit Andi dengan Wahana komputer aKomputer - Grafis aArie Prabawati aYOPDYOG aCB-D.112013-649